000 00567nam a2200181 a 4500
003 OSt
005 20150408114120.0
008 130224s2009 ua g 000 0 ara d
020 _a9115269369
040 _aMa-Un
082 0 4 _221
_a210.8
_bس س إ
100 1 _921628
_aسابق، السيد.
245 1 0 _aإسلامنا /
_cالسيد سابق.
260 _aالقاهرة :
_bدار الفتح للإعلام العربي،
_c2009
_m1430.
300 _a259 ص. ؛
_c24 سم.
650 7 _aالإسلام
_vمقالات ومحاضرات
_2aucsh
942 _2ddc
_cBOOK
999 _c28212
_d262712